Country Musicians by Last Name - Statistics

General Stats
  • This quiz has been taken 2,680 times
    2,667 since last reset
  • The average score is 19 of 28
Answer Stats
First Last % Correct
Keith Urban
97%
Dolly Parton
95%
Johnny Cash
92%
George Strait
87%
Kenny Chesney
87%
Darius Rucker
83%
Willie Nelson
83%
Miranda Lambert
82%
Reba McEntire
82%
Toby Keith
80%
Shania Twain
79%
Eric Church
75%
Conway Twitty
73%
Travis Tritt
72%
Martina McBride
70%
Billy Currington
69%
Merle Haggard
67%
Patsy Cline
66%
Randy Travis
66%
Faith Hill
63%
Kellie Pickler
63%
Tammy Wynette
56%
Charley Pride
50%
Glen Campbell
45%
Jennifer Nettles
44%
Tracy Lawrence
42%
Roy Acuff
29%
Porter Wagoner
27%
No matching quizzes found
Score Distribution
Percent of People with Each Score
Percentile by Number Answered
Your Score History
You have not taken this quiz since the last reset